Rajasthan Chief Ministers Quiz - Statistics

General Stats
  • This quiz has been taken 21 times
  • The average score is 10 of 23
Answer Stats
Hint Answer % Correct
2018- Ashok Gehlot
100%
2008-2013 Ashok Gehlot
100%
1998-2003 Ashok Gehlot
100%
2013-2018 Vasundhara Raje
88%
2003-2008 Vasundhara Raje
88%
1993-1998 Bhairon Singh Shekhawat
50%
1990-1992 Bhairon Singh Shekhawat
50%
1977-1980 Bhairon Singh Shekhawat
50%
1971-1973 Barkatullah Khan
38%
1952-1954 Jai Narayan Vyas
38%
1951-1952 Jai Narayan Vyas
38%
1949-1951 Heera Lal Shastri
31%
1967-1971 Mohan Lal Sukhadia
31%
1954-1967 Mohan Lal Sukhadia
31%
1988-1989 Shiv Charan Mathur
31%
1981-1985 Shiv Charan Mathur
31%
1989-1990 Hari Dev Joshi
25%
1985-1988 Hari Dev Joshi
25%
1973-1977 Hari Dev Joshi
25%
1980-1981 Jagannath Pahadia
25%
1985-1985 Hira Lal Devpura
19%
1952-1952 Tika Ram Paliwal
19%
1951-1951 C. S. Venkatachari
0%
No matching quizzes found
Score Distribution
Percent of People with Each Score
Percentile by Number Answered
Your Score History
You have not taken this quiz